000 00771nam a22002297a 4500
008 240525b mp ||||| |||| 00| 0 mon d
020 _a978-99973-1-742-1
035 _a27743
040 _aОрхон аймгийн нийтийн номын сан
_bmon
_cMN-UlNLM
_dMN-UlNLM
_erda
041 _amon
042 _a36964
084 _2НСНЗА
_a84.2
_bА-94
100 _aАшард М.
245 0 _aЦөөхүүл ч гэсэн бидний Индианчууд
264 _aУлаанбаатар
_bАдмон ХГ
_c2022
300 _a148 х.
336 _2rdacontent
_atext
_btxt
337 _2rdamedia
_aunmediated
_bn
338 _2rdacarrier
_avolume
_bnc
942 _2NNA
_cBK
999 _c699825
_d699882